[Event "Schwarzach op"]
[Site "Schwarzach"]
[Date "2005.08.??"]
[Round "1"]
[White "Burmakin, Vladimir"]
[Black "Campanile, Antonio"]
[Result "1-0"]
[WhiteElo "2508"]
[BlackElo "2110"]
[PlyCount "57"]
[EventDate "2005.08.??"]
[EventType "swiss"]
[EventRounds "9"]
[EventCountry "AUT"]
[SourceTitle "EXT 2007"]
[Source "ChessBase"]
[SourceDate "2006.11.23"]
[SourceVersion "1"]
[SourceVersionDate "2006.11.23"]
[SourceQuality "1"]

1. d4 f5 2. g3 Nf6 3. Bg2 g6 4. Nh3 c5 5. d5 Qa5+ 6. Bd2 Qa6 7. Bc3 b5 8. Nf4 Qd6 9. e4 b4 10. Bxf6 Qxf6 11. c3 Bh6 12. Nd3 d6 13. e5 Qg7 14. 0-0 0-0 15. Nxc5 dxc5 16. d6 exd6 17. Bxa8 f4 18. exd6 fxg3 19. hxg3 Qf6 20. Nd2 Qxd6 21. Ne4 Qxd1 22. Rfxd1 bxc3 23. bxc3 Na6 24. Rd6 Bg7 25. Bd5+ Kh8 26. Bc4 Bf5 27. Re1 Nb8 28. Ng5 Bf6 29. Rxf6 1-0

[Event "Bratto op 22nd"]
[Site "Bratto"]
[Date "2002.08.26"]
[Round "7"]
[White "Campanile, Antonio"]
[Black "Marzano, Carlo"]
[Result "1/2-1/2"]
[WhiteElo "2140"]
[BlackElo "2258"]
[PlyCount "54"]
[EventDate "2002.08.20"]
[EventType "swiss"]
[EventRounds "9"]
[EventCountry "ITA"]
[SourceTitle "EXT 2003"]
[Source "ChessBase"]
[SourceDate "2002.11.25"]
[SourceVersion "1"]
[SourceVersionDate "2002.11.25"]
[SourceQuality "1"]

1. c4 c6 2. e4 d5 3. exd5 cxd5 4. cxd5 Nf6 5. Qa4+ Nbd7 6. Nc3 g6 7. Nf3 Bg7 8. Be2 0-0 9. 0-0 Nb6 10. Qh4 Nbxd5 11. d4 Qa5 12. Bd2 Nxc3 13. bxc3 b6 14. Rfb1 Ba6 15. Bxa6 Qxa6 16. a4 Qd3 17. Re1 e6 18. Rac1 Rac8 19. Re3 Qf5 20. Re5 Qg4 21. Qxg4 Nxg4 22. Rb5 Rfd8 23. a5 Rd5 24. Rxd5 exd5 25. axb6 axb6 26. Rb1 Rc6 27. Rb5 Nf6 1/2-1/2

[Event "Bratto op 22nd"]
[Site "Bratto"]
[Date "2002.08.20"]
[Round "1"]
[White "Campanile, Antonio"]
[Black "Skembris, Spyridon"]
[Result "0-1"]
[WhiteElo "2140"]
[BlackElo "2431"]
[PlyCount "100"]
[EventDate "2002.08.20"]
[EventType "swiss"]
[EventRounds "9"]
[EventCountry "ITA"]
[SourceTitle "EXT 2003"]
[Source "ChessBase"]
[SourceDate "2002.11.25"]
[SourceVersion "1"]
[SourceVersionDate "2002.11.25"]
[SourceQuality "1"]

1. c4 e5 2. Nc3 Nf6 3. Nf3 Nc6 4. g3 d5 5. cxd5 Nxd5 6. d3 Be7 7. Bg2 Be6 8. 0-0 0-0 9. a3 a5 10. Bd2 Re8 11. Na4 f6 12. Rc1 Nd4 13. e3 Nxf3+ 14. Bxf3 c6 15. Qc2 Nb6 16. Be2 Nxa4 17. Qxa4 Qb6 18. Bc3 Bc5 19. d4 exd4 20. exd4 Bd6 21. Bc4 Bxc4 22. Qxc4+ Kf8 23. Qd3 Kg8 24. Qc4+ Kf8 25. Qd3 h6 26. Rfe1 Qb3 27. Qd2 a4 28. Rxe8+ Rxe8 29. Re1 Rxe1+ 30. Qxe1 Kf7 31. h4 h5 32. Qd2 b5 33. Kh2 Qd5 34. Qe2 g6 35. Kg1 f5 36. Qe3 f4 37. gxf4 Be7 38. Qe5 Qxe5 39. fxe5 Ke6 40. Kg2 Bxh4 41. f4 Kf5 42. Kf3 g5 43. fxg5 Bxg5 44. Kg3 Ke4 45. Kh3 Kd5 46. Kg3 c5 47. dxc5 Kxc5 48. Kf3 Kd5 49. b3 axb3 50. Bb2 Ke6 0-1

[Event "Korinthos op 6th"]
[Site "Korinthos"]
[Date "2002.07.26"]
[Round "4"]
[White "Mastrovasilis, Athanasios"]
[Black "Campanile, Antonio"]
[Result "1-0"]
[WhiteElo "2461"]
[BlackElo "2140"]
[PlyCount "53"]
[EventDate "2002.07.23"]
[EventType "swiss"]
[EventRounds "9"]
[EventCountry "GRE"]
[SourceTitle "CBM 089 Extra"]
[Source "ChessBase"]
[SourceDate "2002.09.10"]
[SourceVersion "2"]
[SourceVersionDate "2002.09.10"]
[SourceQuality "1"]

1. Nf3 f5 2. g3 Nf6 3. Bg2 g6 4. d4 Bg7 5. 0-0 0-0 6. c3 Na6 7. Nbd2 c6 8. Re1 d5 9. Ne5 Nd7 10. Nxd7 Bxd7 11. Nf3 Nb8 12. Bf4 Be6 13. Qd2 Nd7 14. h4 Nf6 15. Ne5 Nd7 16. Nd3 Bf7 17. Qe3 Re8 18. h5 Nf6 19. hxg6 hxg6 20. Bf3 Qc8 21. Kg2 Nh5 22. Be5 Qe6 23. Nc5 Qc8 24. Bxh5 Bxe5 25. dxe5 gxh5 26. e6 Bg6 27. Qh6 1-0

[Event "IECC M email"]
[Site "IECC email"]
[Date "2002.04.29"]
[Round "?"]
[White "Campanile, Antonio"]
[Black "Angus, George"]
[Result "1/2-1/2"]
[WhiteElo "2093"]
[BlackElo "2013"]
[PlyCount "134"]
[EventDate "2002.??.??"]
[EventType "tourn (corr)"]
[EventRounds "6"]
[SourceTitle "Corr 2008"]
[Source "ChessBase"]
[SourceDate "2008.06.24"]
[SourceVersion "1"]
[SourceVersionDate "2008.06.24"]
[SourceQuality "1"]

1. c4 Nf6 2. Nf3 g6 3. g3 Bg7 4. Bg2 0-0 5. 0-0 c5 6. Nc3 Nc6 7. d4 d6 8. dxc5 dxc5 9. Be3 Qa5 10. Qb3 Ng4 11. Bf4 Bxc3 12. bxc3 e5 13. Bc1 Qc7 14. h3 Na5 15. Qc2 Nf6 16. Bg5 Bf5 17. Qc1 Nd7 18. Bh6 Rfe8 19. Ng5 Nxc4 20. g4 Be6 21. Nxe6 fxe6 22. Qb1 Ndb6 23. Qe4 Na5 24. f4 exf4 25. Rxf4 Nd5 26. Rf3 Nc6 27. c4 Nb6 28. Raf1 Ne5 29. R3f2 Rac8 30. Qxb7 Qxb7 31. Bxb7 Rb8 32. Ba6 Nbxc4 33. Bxc4 Nxc4 34. Rf7 Nd6 35. Rxa7 Rb7 36. Rxb7 Nxb7 37. Rb1 Nd6 38. Rb6 Ne4 39. Rb7 Ra8 40. Rg7+ Kh8 41. Re7 Kg8 42. Rxe6 Nc3 43. Re3 Nxa2 44. Re7 Nc3 45. Kf2 Nb5 46. Rg7+ Kh8 47. Rd7 Kg8 48. Rg7+ Kh8 49. Rb7 Nd6 50. Rd7 Ne4+ 51. Kf3 Re8 52. h4 Kg8 53. Rg7+ Kh8 54. Rc7 Kg8 55. Be3 Re5 56. g5 Re8 57. Bc1 Nc3 58. e3 Rf8+ 59. Kg2 Ne4 60. Re7 Nd6 61. e4 Re8 62. Rxe8+ Nxe8 63. Kf3 Kf7 64. Ba3 c4 65. Ke3 Nc7 66. Bd6 Nb5 67. Be5 Ke7 1/2-1/2

[Event "IECC CL2-2002.05"]
[Site "IECC email"]
[Date "2002.02.14"]
[Round "?"]
[White "Hanegby, Avigdor"]
[Black "Campanile, Antonio"]
[Result "1-0"]
[WhiteElo "2092"]
[BlackElo "2105"]
[PlyCount "45"]
[EventDate "2002.??.??"]
[EventType "tourn (corr)"]
[EventRounds "4"]
[SourceTitle "Corr 2008"]
[Source "ChessBase"]
[SourceDate "2008.06.24"]
[SourceVersion "1"]
[SourceVersionDate "2008.06.24"]
[SourceQuality "1"]

1. f4 d5 2. Nf3 c5 3. e3 Nc6 4. Bb5 g6 5. 0-0 Bg7 6. c4 d4 7. Bxc6+ bxc6 8. Ne5 Qd6 9. Qf3 Bb7 10. e4 Qe6 11. b3 Bxe5 12. fxe5 f6 13. exf6 Nxf6 14. d3 h6 15. Qg3 Nd7 16. Bf4 0-0-0 17. Nd2 g5 18. Bc7 Rdg8 19. Rf5 h5 20. Ba5 Qd6 21. e5 Qe6 22. Raf1 g4 23. Ne4 1-0

[Event "IECC CL2-2002.05"]
[Site "IECC email"]
[Date "2002.02.14"]
[Round "?"]
[White "Nagley, Tim"]
[Black "Campanile, Antonio"]
[Result "1/2-1/2"]
[WhiteElo "2132"]
[BlackElo "2190"]
[PlyCount "63"]
[EventDate "2002.??.??"]
[EventType "tourn (corr)"]
[EventRounds "4"]
[SourceTitle "Corr 2008"]
[Source "ChessBase"]
[SourceDate "2008.06.24"]
[SourceVersion "1"]
[SourceVersionDate "2008.06.24"]
[SourceQuality "1"]

1. e4 d5 2. exd5 Qxd5 3. Nc3 Qd6 4. d4 Nf6 5. Nf3 a6 6. Be3 Nc6 7. Qd2 Bf5 8. a3 e6 9. Bc4 h6 10. Bf4 Qd7 11. 0-0-0 Nd5 12. Nxd5 exd5 13. Rhe1+ Be7 14. Bd3 Bg4 15. Be2 Be6 16. Qc3 0-0-0 17. Rd3 Bd6 18. Bxd6 Qxd6 19. Re3 Rhe8 20. Bd3 Bd7 21. b4 Rxe3 22. Rxe3 Re8 23. Rxe8+ Bxe8 24. Qc5 Qxc5 25. dxc5 Bd7 26. c3 Kd8 27. Kd2 Ke7 28. Ke3 Kf6 29. h3 g5 30. c4 dxc4 31. Bxc4 Be6 32. Bxe6 1/2-1/2

[Event "Zuerich op 24th"]
[Site "Zuerich"]
[Date "2000.12.30"]
[Round "7"]
[White "Hochstrasser, Michael"]
[Black "Campanile, Antonio"]
[Result "1-0"]
[WhiteElo "2291"]
[BlackElo "2135"]
[PlyCount "45"]
[EventDate "2000.12.26"]
[EventType "swiss"]
[EventRounds "7"]
[EventCountry "SUI"]
[SourceTitle "EXT 2002"]
[Source "ChessBase"]
[SourceDate "2001.11.25"]
[SourceVersion "1"]
[SourceVersionDate "2001.11.25"]
[SourceQuality "1"]

1. d4 f5 2. e4 fxe4 3. Nc3 Nf6 4. f3 d5 5. fxe4 dxe4 6. Bg5 Bg4 7. Qd2 Qd6 8. Bc4 Qb4 9. Bb3 Nbd7 10. h3 Bh5 11. g4 Bg6 12. Nge2 c5 13. 0-0-0 c4 14. a3 Qb6 15. Bxc4 0-0-0 16. Nf4 Ne5 17. Be6+ Kb8 18. Nxg6 Nxg6 19. d5 Ka8 20. Be3 Qa5 21. Qd4 Nh4 22. Nb5 b6 23. Qc4 1-0

[Event "UISP-ch 21st"]
[Site "Palermo"]
[Date "2000.12.08"]
[Round "3"]
[White "Campanile, Antonio"]
[Black "Sedina, Elena"]
[Result "1-0"]
[WhiteElo "2153"]
[BlackElo "2405"]
[PlyCount "117"]
[EventDate "2000.12.??"]
[EventType "swiss"]
[EventRounds "7"]
[EventCountry "ITA"]
[SourceTitle "EXT 2005"]
[Source "ChessBase"]
[SourceDate "2004.11.15"]
[SourceVersion "1"]
[SourceVersionDate "2004.11.15"]
[SourceQuality "1"]

1. c4 Nf6 2. Nf3 g6 3. g3 Bg7 4. Bg2 0-0 5. 0-0 d6 6. d3 e5 7. Nc3 Nc6 8. Rb1 a5 9. a3 Nh5 10. b4 axb4 11. axb4 f5 12. Nd5 f4 13. b5 Ne7 14. Ng5 Kh8 15. Ne4 Be6 16. Ndc3 h6 17. h3 fxg3 18. fxg3 Qd7 19. Kh2 c6 20. Rxf8+ Rxf8 21. bxc6 bxc6 22. Ba3 Nf5 23. Qg1 Ra8 24. Bc1 Ne7 25. Qb6 d5 26. Nc5 Qd6 27. Nb5 Qb8 28. Qxb8+ Rxb8 29. Nxe6 cxb5 30. cxd5 Nc8 31. Ba3 Bf6 32. d6 Nxd6 33. Bxd6 Rb6 34. Bc5 Rxe6 35. Rxb5 Ng7 36. Rb8+ Kh7 37. Bd5 Re8 38. Rxe8 Nxe8 39. Kg2 Bd8 40. Kf3 Nf6 41. Bc6 h5 42. Bd6 Kg7 43. Bxe5 Kf7 44. Bf4 Nh7 45. Bd5+ Kf6 46. h4 g5 47. hxg5+ Nxg5+ 48. Kg2 Ne6 49. Bxe6 Kxe6 50. e4 Bf6 51. Kf3 Bd4 52. Be3 Bf6 53. d4 Bg7 54. Ke2 Bf8 55. Bf4 Be7 56. Kd3 h4 57. gxh4 Bxh4 58. d5+ Kf6 59. Kc4 1-0

[Event "Olomouc Agentura 64 op"]
[Site "Olomouc"]
[Date "2000.08.04"]
[Round "3"]
[White "Campanile, Antonio"]
[Black "Bylino, Oleg"]
[Result "1/2-1/2"]
[WhiteElo "2135"]
[BlackElo "2264"]
[PlyCount "52"]
[EventDate "2000.08.02"]
[EventType "swiss"]
[EventRounds "9"]
[EventCountry "CZE"]
[SourceTitle "EXT 2001"]
[Source "ChessBase"]
[SourceDate "2000.11.22"]
[SourceVersion "1"]
[SourceVersionDate "2000.11.22"]
[SourceQuality "1"]

1. c4 e6 2. Nf3 d5 3. b3 Nf6 4. g3 b6 5. Bg2 Bb7 6. Bb2 Nbd7 7. cxd5 exd5 8. 0-0 Be7 9. Qc2 c5 10. Nh4 0-0 11. Nf5 Re8 12. e3 Bf8 13. f4 Qc8 14. Na3 a6 15. Rae1 b5 16. d3 Bc6 17. Nb1 Qb7 18. Qd1 Red8 19. g4 g6 20. Ng3 Bg7 21. Rf2 Nf8 22. h4 d4 23. e4 c4 24. g5 N6d7 25. dxc4 bxc4 26. bxc4 Nc5 1/2-1/2

[Event "UISP-ch 21st"]
[Site "Palermo"]
[Date "2000.??.??"]
[Round "4"]
[White "Lucaroni, Massimiliano"]
[Black "Campanile, Antonio"]
[Result "1-0"]
[WhiteElo "2290"]
[BlackElo "2135"]
[PlyCount "47"]
[EventDate "2000.12.??"]
[EventType "swiss"]
[EventRounds "7"]
[EventCountry "ITA"]
[SourceTitle "EXT 2005"]
[Source "ChessBase"]
[SourceDate "2004.11.15"]
[SourceVersion "1"]
[SourceVersionDate "2004.11.15"]
[SourceQuality "1"]

1. e4 d5 2. exd5 Qxd5 3. Nc3 Qd6 4. g3 Nf6 5. Bg2 Bg4 6. Nge2 Nc6 7. h3 Bh5 8. d4 a6 9. Bf4 Qd7 10. d5 Na7 11. g4 Bg6 12. Qd2 Nb5 13. 0-0-0 h6 14. Rhe1 Bh7 15. g5 hxg5 16. Bxg5 Nd6 17. Nd4 0-0-0 18. b4 Kb8 19. b5 Bg6 20. Na4 Nde4 21. Qa5 Nxf2 22. Nc5 Qd6 23. Nc6+ Ka8 24. Nxa6 1-0

[Event "Bratto op 19th"]
[Site "Bratto"]
[Date "1999.??.??"]
[Round "9"]
[White "Astengo, Corrado"]
[Black "Campanile, Antonio"]
[Result "1/2-1/2"]
[WhiteElo "2191"]
[BlackElo "2174"]
[PlyCount "66"]
[EventDate "1999.??.??"]
[EventType "swiss"]
[EventRounds "9"]
[EventCountry "ITA"]
[SourceTitle "EXT 2002"]
[Source "ChessBase"]
[SourceDate "2001.11.25"]
[SourceVersion "1"]
[SourceVersionDate "2001.11.25"]
[SourceQuality "1"]

1. e4 d5 2. exd5 Qxd5 3. Nc3 Qd6 4. d4 Nf6 5. Nf3 a6 6. Be3 Bf5 7. Qd2 Nc6 8. a3 e6 9. Nh4 Bg6 10. Nxg6 hxg6 11. 0-0-0 Ne7 12. Be2 Ned5 13. h3 0-0-0 14. Bf3 Be7 15. Nxd5 Nxd5 16. c4 Nxe3 17. fxe3 Qb6 18. Qc2 Bg5 19. Rd3 Rxd4 20. Rb3 Qa7 21. Bxb7+ Kd7 22. Bf3 Rb8 23. Kb1 Rxb3 24. exd4 Qb6 25. Ka2 Re3 26. Rd1 Ke7 27. c5 Qb5 28. d5 Bf4 29. Rd4 Be5 30. Rb4 Qd3 31. Qxd3 Rxd3 32. dxe6 Kxe6 33. Rb3 Rd2 1/2-1/2

[Event "Budapest FS08 Elo"]
[Site "Budapest"]
[Date "1999.??.??"]
[Round "6"]
[White "Campanile, Antonio"]
[Black "Mihok, Laszlo"]
[Result "1/2-1/2"]
[WhiteElo "2155"]
[BlackElo "2185"]
[PlyCount "61"]
[EventDate "1999.??.??"]
[EventType "tourn"]
[EventRounds "9"]
[EventCountry "HUN"]
[SourceTitle "EXT 2000"]
[Source "ChessBase"]
[SourceDate "1999.11.16"]
[SourceVersion "1"]
[SourceVersionDate "1999.11.16"]
[SourceQuality "1"]

1. f4 d5 2. Nf3 Nf6 3. g3 g6 4. Bg2 Bg7 5. 0-0 0-0 6. c3 c5 7. d3 Nc6 8. Na3 a6 9. Qe1 Re8 10. e4 e5 11. Nxe5 Nxe5 12. fxe5 Rxe5 13. Bf4 Re6 14. Qe2 h6 15. Rae1 g5 16. Bc1 dxe4 17. dxe4 Qe8 18. Nc4 b5 19. e5 Rb8 20. Nd6 Qf8 21. Nxc8 Rxc8 22. Bh3 g4 23. Bxg4 Nxg4 24. Qxg4 Rce8 25. Rf5 Qe7 26. Bf4 c4 27. Kg2 Qc5 28. Rh5 Rg6 29. Qf5 Qc6+ 30. Qe4 Qe6 31. Qf5 1/2-1/2

[Event "Campobasso op 5th"]
[Site "Campobasso"]
[Date "1998.09.13"]
[Round "5"]
[White "Campanile, Antonio"]
[Black "Martorelli, Antonio"]
[Result "1-0"]
[WhiteElo "2155"]
[BlackElo "2380"]
[PlyCount "73"]
[EventDate "1998.09.11"]
[EventType "swiss"]
[EventRounds "6"]
[EventCountry "ITA"]
[SourceTitle "EXT 2000"]
[Source "ChessBase"]
[SourceDate "1999.11.16"]
[SourceVersion "1"]
[SourceVersionDate "1999.11.16"]
[SourceQuality "1"]

1. f4 d5 2. Nf3 h5 3. d3 Nc6 4. e3 Nh6 5. d4 Bg4 6. Be2 e6 7. 0-0 Nf5 8. c3 Bd6 9. Ng5 f6 10. e4 fxg5 11. exf5 gxf4 12. Bxg4 hxg4 13. Qxg4 0-0 14. fxe6 Qf6 15. Na3 a6 16. Nc2 Rad8 17. Ne3 Ne7 18. Bd2 Qh6 19. Nc2 Rf5 20. Ne1 Rg5 21. Qd1 Qxe6 22. Nf3 Rf5 23. Qb3 b5 24. Rae1 Qf6 25. a4 c6 26. axb5 axb5 27. Qd1 Rf8 28. Qe2 g5 29. Qe6+ Kg7 30. Qd7 Kf7 31. Rxe7+ Bxe7 32. Re1 Re8 33. Ne5+ Rxe5 34. Rxe5 Rd8 35. Qg4 Qg6 36. Bxf4 gxf4 37. Rxe7+ 1-0

[Event "Campobasso op 5th"]
[Site "Campobasso"]
[Date "1998.09.12"]
[Round "4"]
[White "Oppici, Gabriele"]
[Black "Campanile, Antonio"]
[Result "0-1"]
[WhiteElo "2085"]
[BlackElo "2155"]
[PlyCount "80"]
[EventDate "1998.09.11"]
[EventType "swiss"]
[EventRounds "6"]
[EventCountry "ITA"]
[SourceTitle "EXT 2000"]
[Source "ChessBase"]
[SourceDate "1999.11.16"]
[SourceVersion "1"]
[SourceVersionDate "1999.11.16"]
[SourceQuality "1"]

1. d4 f5 2. Nc3 d5 3. Bg5 c6 4. e3 Nd7 5. Bd3 Ndf6 6. f3 e6 7. Nge2 Qc7 8. 0-0 Bd6 9. Bf4 Bxf4 10. Nxf4 e5 11. dxe5 Qxe5 12. Qd2 Ne7 13. e4 g5 14. Nfe2 d4 15. Nd1 f4 16. Bc4 c5 17. c3 dxc3 18. Ndxc3 Bd7 19. Nb5 Bxb5 20. Bxb5+ Kf7 21. Bc4+ Kg6 22. Rad1 Nc6 23. Bd5 Rad8 24. a3 b6 25. Qd3 Kh6 26. Qd2 Rhe8 27. Rfe1 Ne7 28. Nc3 Nc6 29. Qf2 Nd4 30. a4 a5 31. Bc4 Kg7 32. Na2 g4 33. Nc1 g3 34. Qf1 gxh2+ 35. Kxh2 Qg5 36. Ne2 Nc2 37. Rxd8 Rxd8 38. Rc1 Ne3 39. Qf2 Nxc4 40. Rxc4 Qh6+ 0-1

[Event "Castellaneta op"]
[Site "Castellaneta"]
[Date "1998.??.??"]
[Round "3"]
[White "Campanile, Antonio"]
[Black "Ferraro, Francesco"]
[Result "1-0"]
[WhiteElo "2155"]
[BlackElo "2060"]
[PlyCount "81"]
[EventDate "1998.??.??"]
[EventType "swiss"]
[EventRounds "6"]
[EventCountry "ITA"]
[SourceTitle "EXT 2000"]
[Source "ChessBase"]
[SourceDate "1999.11.16"]
[SourceVersion "1"]
[SourceVersionDate "1999.11.16"]
[SourceQuality "1"]

1. c4 e5 2. g3 f5 3. Bg2 Nf6 4. d3 d6 5. Nf3 Nbd7 6. b4 a5 7. Ng5 Qe7 8. Qa4 h6 9. Nf3 c6 10. Nh4 Qe6 11. Ng6 Rg8 12. bxa5 Kf7 13. Nxf8 Rxf8 14. Nc3 Nc5 15. Qb4 Qe7 16. Na4 Nxa4 17. Qxa4 Qc7 18. Bd2 e4 19. 0-0 b6 20. axb6 Rxa4 21. bxc7 Ra7 22. Bf4 Ke6 23. h4 c5 24. Rfd1 Ra6 25. a4 Rf7 26. a5 Rxc7 27. Bd2 exd3 28. exd3 Bb7 29. Re1+ Kd7 30. Bc3 Bxg2 31. Kxg2 Rb7 32. Reb1 Raa7 33. Rxb7+ Rxb7 34. a6 Ra7 35. Bxf6 gxf6 36. Kf3 h5 37. Kf4 Ke6 38. Ra3 Ra8 39. a7 d5 40. Ra6+ Kf7 41. cxd5 1-0